| 000 | 00805nam a2200253Ia 4500 | ||
|---|---|---|---|
| 003 | OSt | ||
| 005 | 20251106144644.0 | ||
| 008 | 210210b2006 xxu||||| |||| 00| 0 eng d | ||
| 040 | _cAL | ||
| 041 | _aKannada | ||
| 082 | _aK894.301 SHRI | ||
| 100 |
_aSHRIKANTA PUTTURU (K) _dಶ್ರೀಕಾಂತ ಪುತ್ತೂರು (ಕೆ) _9244357 |
||
| 245 |
_aE katege enendu hesaridali: Kathasankalana _bಈ ಕಥೆಗೆ ಏನೆಂದು ಹೆಸರಿಡಲಿ: ಕಥಾಸಂಕಲನ |
||
| 260 |
_aUdupi _bSumanta Prakashana _c2006 |
||
| 300 | _av,131 | ||
| 650 |
_aKathasankalana _9244358 |
||
| 650 |
_akatege _9244359 |
||
| 650 |
_aI _9244360 |
||
| 650 |
_ahesaridali _9244361 |
||
| 650 |
_aenendu _9244362 |
||
| 690 |
_aKannada Fiction _9244363 |
||
| 906 | _a062141 | ||
| 942 |
_2ddc _cBK |
||
| 999 |
_c116831 _d116831 |
||